| 000 | 00615cam a2200193 4500500 | ||
|---|---|---|---|
| 005 | 20260405004315.0 | ||
| 041 | _afre | ||
| 042 | _adc | ||
| 100 | 1 | 0 |
_aChazelas, Jean _eauthor |
| 700 | 1 | 0 |
_aDecoster, Didier _eauthor |
| 700 | 1 | 0 |
_aDolfi, Daniel _eauthor |
| 700 | 1 | 0 |
_aNouchi, Pascale _eauthor |
| 700 | 1 | 0 |
_aTripon-Canseliet, Charlotte _eauthor |
| 245 | 0 | 0 | _aOptoelectronics-microwave |
| 260 | _c2026. | ||
| 500 | _a8 | ||
| 786 | 0 | _nOptics and photonics | - | 2026-03-05 | p. 11-11 | |
| 856 | 4 | 1 | _uhttps://stm.cairn.info/optoelectronic-components--bdti42451210-e3336-page-11?lang=en&redirect-ssocas=7080 |
| 999 |
_c2075594 _d2075594 |
||